| 000 | 00810nam a22002532 4500 | ||
|---|---|---|---|
| 001 | 8652 | ||
| 003 | BD-RjUL | ||
| 005 | 20211208234627.0 | ||
| 008 | 140119s1962 enka 001 0 eng d | ||
| 035 | _a(BD-RjUL)8697 | ||
| 040 |
_aDLC/ICU _cCGU _dUKM _dEQO _dBD-RjUL _beng |
||
| 041 | _aeng | ||
| 082 | 0 | 0 |
_a537.12 _bATI 1962 _223 |
| 100 | 1 |
_aAtwater, H. A. _q(Harry Albert), _d1921- _926952 |
|
| 245 | 1 | 0 |
_aIntroduction to microwave theory / _cby H. A. Atwater |
| 260 |
_aNew York : _bMcGraw-Hill, _cc1962. |
||
| 300 |
_ax, 244 p. : _bill. ; _c24 cm. |
||
| 490 | 1 | _aMcGraw-Hill electrical and electronic engineering series | |
| 504 | _aIncludes index. | ||
| 650 | 0 |
_aMicrowaves. _926953 |
|
| 830 | 0 |
_aMcGraw-Hill electrical and electronic engineering series _9117899 |
|
| 942 |
_2ddc _cBK |
||
| 999 |
_c8652 _d8652 |
||